Statistiques concernant Les meilleurs buteurs de l'histoire du Valenciennes FC

Cliquez ici pour prendre le quiz!

Statistiques générales

  • Ce quiz a été pris 18 fois
  • Le résultat moyen est 2 sur 10

Statistiques - réponses

ButsNationalitéJoueur% Correct
63FranceSteve Savidan
94%
54FranceGrégory Pujol
47%
35FranceDidier Six
12%
107FranceSerge Masnaghetti
12%
34FranceBruno Zaremba
6%
39FranceBolec Kocik
0%
36FranceJean-Claude Baulu
0%
58FranceJean-Pierre Guinot
0%
48FranceJoseph Bonnel
0%
34CamerounJoseph Yegba Maya
0%

Distribution des résultats

Percentile par nombre de réponses

% des personnes avec chaque résultat

Votre développement - résultats

Vous n’avez pas pris ce quiz